000 00588nam a2200205Ia 4500
003 BUBTL
008 151213s9999 xx 000 0 und d
082 _a347.09/KHA
100 _a Prof. Dr. Anser Ali Khan
_94044
245 _aAn Introduction To Alternative Dispute Resolution
_cProf. Dr. Anser Ali Khan
250 _a1st
260 _aDhaka
_bHira Publications
_cc2007
300 _a109p . :
_b22cm.
650 _aLaw
_94045
650 _aLaw
_94045
700 _aProf. Dr. Anser Ali Khan
_94046
856 _k0
_l0
_yDownload
942 _2ddc
_cBK
999 _c3126
_d3126